000 00180 a2200085 4500
041 _aeng
100 _aErnest Shepard
245 _aPiglet is entirely surrounded by water
942 _cBK
999 _c29211
_d29209